[Event "Rhein-Sieg-Stiller Don Rostov"]
[Site "?"]
[Date "2008.02.12"]
[Round "2.1"]
[White "Gerusel, M."]
[Black "Tseshkovsky, V."]
[Result "1/2-1/2"]
[WhiteElo "2293"]
[BlackElo "2504"]
[PlyCount "141"]
[EventDate "2008.??.??"]

1. d4 Nf6 2. c4 g6 3. g3 Bg7 4. Bg2 c5 5. d5 d6 6. Nc3 O-O 7. Nf3 a6 8. O-O b5
9. cxb5 axb5 10. Nxb5 Ba6 11. Nc3 Nbd7 12. Rb1 Ne8 13. Bd2 Nc7 14. b3 Bb7 15.
e4 Bxc3 16. Bxc3 Rxa2 17. Qc1 f6 18. Bh3 Bc8 19. Qh6 Ne5 20. Nxe5 dxe5 21. Ra1
Bxh3 22. Qxh3 Rxa1 23. Bxa1 Qc8 24. Qxc8 Rxc8 25. f4 exf4 26. gxf4 Rb8 27. Rd1
Rxb3 28. e5 fxe5 29. Bxe5 Ne8 30. d6 exd6 31. Bxd6 Nxd6 32. Rxd6 Rb2 33. Rc6
Rc2 34. Rc7 c4 35. h3 c3 36. Kf1 h5 37. Ke1 h4 38. Kf1 Kf8 39. Ke1 Ke8 40. Rc6
Kf7 41. Kf1 Ke7 42. Ke1 Kd7 43. Rxg6 Rd2 44. Rg5 Rd3 45. Rc5 Kd6 46. Rc8 Rxh3
47. Kf2 Kd5 48. f5 Ke5 49. Rc5+ Kf6 50. Kg2 Rd3 51. Kh2 Kg5 52. Kg2 Rg3+ 53.
Kh2 Rf3 54. Kg1 Kf6 55. Kh2 Rd3 56. Kg1 Re3 57. Kh2 Rf3 58. Kg1 Kg5 59. Kh2 Kf6
60. Kg2 Ke7 61. Rc4 Kd6 62. f6 Ke6 63. Rc6+ Ke5 64. Rc7 Kd4 65. f7 Kd3 66. Rd7+
Kc2 67. Re7 Kb2 68. Rb7+ Kc1 69. Kh2 c2 70. Rc7 Kd2 71. Rd7+ 1/2-1/2

[Event "Rhein-Sieg-Stiller Don Rostov"]
[Site "?"]
[Date "2008.02.12"]
[Round "2.2"]
[White "Pushkov, N."]
[Black "Klein, M."]
[Result "0-1"]
[WhiteElo "2513"]
[BlackElo "2231"]
[PlyCount "120"]
[EventDate "2008.??.??"]

1. d4 Nf6 2. c4 g6 3. Nc3 Bg7 4. Nf3 O-O 5. Bg5 c5 6. e3 d6 7. Be2 b6 8. O-O
Bb7 9. d5 Na6 10. e4 h6 11. Bh4 Nc7 12. Re1 e6 13. Nd2 exd5 14. cxd5 Qd7 15. a4
Rfe8 16. Qc2 Ba6 17. Bxa6 Nxa6 18. Nc4 Nc7 19. Rad1 Rad8 20. Bg3 Bf8 21. e5
dxe5 22. Nxe5 Qc8 23. Nxg6 fxg6 24. Qxg6+ Bg7 25. Be5 Rf8 26. d6 Nce8 27. Re3
Rf7 28. Rde1 Nxd6 29. Rg3 Qf5 30. Bxd6 Qxg6 31. Rxg6 Rxd6 32. Re2 Rdd7 33. h3
Rfe7 34. Kf1 Kf7 35. Rg3 Rxe2 36. Kxe2 Nd5 37. Rf3+ Ke6 38. g4 Rf7 39. Rxf7
Nxc3+ 40. bxc3 Kxf7 41. c4 Ke6 42. f4 Kd6 43. Kd3 Bf6 44. Ke4 Ke6 45. Kf3 Bh4
46. Ke3 Kd6 47. Ke4 a6 48. Kd3 Kc6 49. Ke4 b5 50. axb5+ axb5 51. cxb5+ Kxb5 52.
g5 Bxg5 53. fxg5 hxg5 54. Kf5 c4 55. Kxg5 c3 56. h4 c2 57. h5 c1=Q+ 58. Kg6
Qc6+ 59. Kg7 Qd7+ 60. Kg6 Qe8+ 0-1

[Event "Rhein-Sieg-Stiller Don Rostov"]
[Site "?"]
[Date "2008.02.12"]
[Round "2.3"]
[White "Hübner, W."]
[Black "Zakharov, A."]
[Result "0-1"]
[WhiteElo "2072"]
[BlackElo "2427"]
[PlyCount "70"]
[EventDate "2008.??.??"]

1. e4 c5 2. Nf3 e6 3. c4 Nc6 4. d4 cxd4 5. Nxd4 Nf6 6. Nxc6 bxc6 7. Bd3 d5 8.
Nd2 Bb4 9. exd5 exd5 10. O-O O-O 11. Qc2 Re8 12. Nf3 Ne4 13. Be3 Bd6 14. Rfe1
Bg4 15. Be2 Bf5 16. Bd3 Bg6 17. Rad1 Qa5 18. Nd4 Rac8 19. f3 Nf6 20. Bxg6 hxg6
21. a3 Bc5 22. Qd3 dxc4 23. Qxc4 Rcd8 24. b4 Qxa3 25. Qxc5 Rxe3 26. Nxc6 Rxe1+
27. Rxe1 Rd2 28. Qxa7 Qb2 29. Qb8+ Kh7 30. Qg3 Nh5 31. Qh3 Rc2 32. g4 Rxc6 33.
gxh5 gxh5 34. Kh1 g6 35. Qd7 Rf6 0-1

[Event "Rhein-Sieg-Stiller Don Rostov"]
[Site "?"]
[Date "2008.02.12"]
[Round "2.4"]
[White "Petrushin, A."]
[Black "Groß, W."]
[Result "1-0"]
[WhiteElo "2426"]
[BlackElo "2272"]
[PlyCount "79"]
[EventDate "2008.??.??"]

1. e4 c5 2. Nc3 Nc6 3. g3 g6 4. Bg2 Bg7 5. d3 d6 6. Nh3 Nf6 7. O-O O-O 8. f4
Bg4 9. Qd2 Bd7 10. Ng5 Rb8 11. h3 b5 12. Qf2 Nd4 13. g4 h6 14. Nf3 Nxf3+ 15.
Bxf3 b4 16. Nd1 Qc7 17. Ne3 Bc6 18. h4 e6 19. g5 Nd7 20. gxh6 Bxh6 21. f5 Bg7
22. Qg3 Ne5 23. Bg4 Qe7 24. Bd2 Bf6 25. h5 Bh4 26. Qg2 gxh5 27. f6 Bxf6 28.
Bxe6+ Kh8 29. Rf5 Bg5 30. Nd5 Qxe6 31. Rxg5 Ng6 32. Rxh5+ Kg8 33. Nf4 Qf6 34.
Rf1 Qg7 35. Rg5 Be8 36. Nh5 Qxb2 37. Nf6+ Kg7 38. Rh5 Qd4+ 39. Kh1 Qxf6 40.
Bh6+ 1-0

[Event "Tschechien-Niedersachsen"]
[Site "?"]
[Date "2008.02.12"]
[Round "2.1"]
[White "Lechtynsky, J."]
[Black "Clemens, C."]
[Result "1/2-1/2"]
[WhiteElo "2422"]
[BlackElo "2303"]
[PlyCount "42"]
[EventDate "2008.??.??"]

1. d4 f5 2. g3 Nf6 3. Bg2 e6 4. c4 d5 5. Nf3 c6 6. O-O Bd6 7. b3 Qe7 8. Bf4 O-O
9. Bxd6 Qxd6 10. Qc1 b6 11. Qa3 Qxa3 12. Nxa3 Bb7 13. Rfc1 Nbd7 14. e3 Rfc8 15.
Ne1 a6 16. Nd3 Kf8 17. Rc2 c5 18. cxd5 exd5 19. dxc5 Nxc5 20. Nf4 Ke7 21. Rd1
Nce4 1/2-1/2

[Event "Tschechien-Niedersachsen"]
[Site "?"]
[Date "2008.02.12"]
[Round "2.4"]
[White "Peleikis, H."]
[Black "Sikora-Lerch, J."]
[Result "0-1"]
[WhiteElo "2100"]
[BlackElo "2260"]
[PlyCount "61"]
[EventDate "2008.??.??"]

1. e4 d5 2. exd5 Nf6 3. d4 Nxd5 4. Nf3 Bg4 5. Be2 e6 6. O-O Nc6 7. c4 Nb6 8.
Be3 Bxf3 9. gxf3 Qh4 10. Qd2 Bd6 11. f4 g5 12. c5 gxf4 13. cxd6 Rg8+ 14. Kh1
Qh6 15. Rg1 Rxg1+ 16. Kxg1 fxe3 17. Qxe3 Qxe3 18. fxe3 cxd6 19. Nc3 Ke7 20. Kf2
Rg8 21. a3 f5 22. Bd3 Kf6 23. Nb5 Nc8 24. b4 Ke7 25. Rc1 d5 26. Nc3 Nb6 27. Ne2
Kd6 28. Nf4 e5 29. dxe5+ Nxe5 30. Bxf5 Rf8 31. Nh5 0-1

[Event "Wien-Deutschland"]
[Site "?"]
[Date "2008.02.12"]
[Round "2.1"]
[White "Roth, P."]
[Black "Uhlmann, W."]
[Result "1/2-1/2"]
[WhiteElo "2209"]
[BlackElo "2434"]
[PlyCount "59"]
[EventDate "2008.??.??"]

1. e4 e6 2. d4 d5 3. Nc3 Bb4 4. e5 Ne7 5. a3 Bxc3+ 6. bxc3 c5 7. Nf3 Bd7 8. h4
Ba4 9. h5 h6 10. dxc5 Nd7 11. Rh4 Bc6 12. Rg4 Rg8 13. Bd3 Qa5 14. Bd2 f5 15.
Rb4 Nxc5 16. Nd4 Qc7 17. Qe2 a6 18. Kf1 Bd7 19. Re1 Ne4 20. Kg1 Nxc3 21. Qe3
Ne4 22. Reb1 Nc5 23. Rb6 Nc8 24. Ba5 Nxb6 25. Bxb6 Qc8 26. Nxf5 exf5 27. Bxc5
Kf7 28. e6+ Bxe6 29. Bxf5 Re8 30. Bg6+ 1/2-1/2

[Event "Wien-Deutschland"]
[Site "?"]
[Date "2008.02.12"]
[Round "2.2"]
[White "Donchenko, A."]
[Black "Titz, H."]
[Result "1-0"]
[WhiteElo "2361"]
[BlackElo "2205"]
[PlyCount "135"]
[EventDate "2008.??.??"]

1. c4 c5 2. Nf3 Nf6 3. Nc3 Nc6 4. d4 cxd4 5. Nxd4 g6 6. g3 d6 7. Bg2 Bd7 8. O-O
Bg7 9. Nc2 O-O 10. h3 Be6 11. Na3 Qc8 12. Kh2 Na5 13. Nd5 Nxd5 14. cxd5 Bd7 15.
Qd3 b5 16. Nxb5 Qc4 17. Na3 Qxd3 18. exd3 Rab8 19. Rb1 Bf5 20. Rd1 Bd4 21. Kg1
Rfc8 22. g4 Bd7 23. b3 f5 24. g5 Rc7 25. Be3 Bxe3 26. fxe3 Rbc8 27. Nc4 Nb7 28.
b4 Bb5 29. Bf1 Nd8 30. Nb2 Nf7 31. a4 Bd7 32. h4 Ne5 33. b5 Rc2 34. Bg2 R8c3
35. Re1 Nxd3 36. Nxd3 Rxd3 37. Rec1 Ra2 38. Ra1 Rxa1 39. Rxa1 Rxe3 40. Rc1 Kf7
41. Rc7 Ke8 42. Rxa7 Rb3 43. Ra8+ Kf7 44. Rd8 Bxb5 45. axb5 Rxb5 46. Kf2 Rb4
47. Kg3 Rb3+ 48. Bf3 Kg7 49. Rc8 Re3 50. Kf4 Re5 51. Ra8 Re1 52. Ra2 Rb1 53.
Ra7 Kf7 54. Ra4 Rf1 55. Ra3 Rb1 56. Ra4 Rf1 57. Rb4 Rf2 58. h5 gxh5 59. Kg3 Rd2
60. Bxh5+ Kg7 61. Rb7 Rd3+ 62. Bf3 Re3 63. Kf4 Re5 64. Rb2 e6 65. Rb7+ Kh8 66.
dxe6 Rxe6 67. Rb8+ Kg7 68. Bd5 1-0

[Event "Wien-Deutschland"]
[Site "?"]
[Date "2008.02.12"]
[Round "2.3"]
[White "Dückstein, A."]
[Black "Klundt, K."]
[Result "1/2-1/2"]
[WhiteElo "2252"]
[BlackElo "2378"]
[PlyCount "193"]
[EventDate "2008.??.??"]

1. e4 c5 2. Nf3 Nc6 3. d4 cxd4 4. Nxd4 Nf6 5. Nc3 e5 6. Ndb5 d6 7. a4 Be7 8.
Nd5 Nxd5 9. exd5 Nb8 10. Be3 Nd7 11. Qd2 a6 12. Na3 f5 13. f3 Bh4+ 14. g3 f4
15. Bf2 Bg5 16. Qb4 Be7 17. gxf4 O-O 18. O-O-O Rxf4 19. Qb3 Bh4 20. Bg1 Qc7 21.
Rd3 Nc5 22. Bxc5 Qxc5 23. Rc3 Qf2 24. Kb1 e4 25. Nc4 Rxf3 26. Nxd6 Bf6 27. Rxf3
Qxf3 28. Qxf3 exf3 29. Nxc8 Rxc8 30. Bh3 Rc4 31. Rf1 Rf4 32. Bc8 b5 33. d6 f2
34. axb5 axb5 35. c3 Kf8 36. Kc2 Be5 37. Ba6 Rf5 38. Bxb5 Bxh2 39. Bd3 Rf6 40.
Bxh7 Bxd6 41. b4 g5 42. Be4 g4 43. Kd3 g3 44. Bg2 Ke7 45. Ke2 Re6+ 46. Kf3 Re1
47. Bh3 Kf6 48. c4 Kg5 49. c5 Bf4 50. c6 Re3+ 51. Kg2 Kh4 52. Bd7 Bc7 53. b5
Kg5 54. b6 Bxb6 55. c7 Bxc7 56. Bb5 Kf4 57. Rc1 Be5 58. Rc4+ Kg5 59. Rc5 Re1
60. Bf1 Kg4 61. Rc4+ Bf4 62. Rc3 Re8 63. Rc5 Re1 64. Rc3 Be5 65. Rc4+ Kg5 66.
Rc5 Kf5 67. Rb5 Ke4 68. Rb3 Rd1 69. Rb4+ Bd4 70. Rb3 Be5 71. Rb4+ Kf5 72. Ra4
Rd8 73. Rh4 Kg5 74. Rh7 Rd6 75. Be2 Rd2 76. Bf1 Rd1 77. Rb7 Rc1 78. Rb5 Kf5 79.
Rb4 Ra1 80. Rc4 Ra7 81. Rh4 Bf4 82. Rh8 Ke4 83. Rh1 Ra2 84. Rh7 Ra1 85. Re7+
Be5 86. Rf7 Rb1 87. Ra7 Rc1 88. Ra4+ Bd4 89. Ra3 Bc3 90. Ra4+ Ke3 91. Rc4 Kd2
92. Re4 Re1 93. Rg4 Be5 94. Ra4 Ke3 95. Ra3+ Ke4 96. Ra4+ Bd4 97. Ra3 1/2-1/2

[Event "Wien-Deutschland"]
[Site "?"]
[Date "2008.02.12"]
[Round "2.4"]
[White "Malich, B."]
[Black "Seuss, O."]
[Result "0-1"]
[WhiteElo "2380"]
[BlackElo "2170"]
[PlyCount "92"]
[EventDate "2008.??.??"]

1. d4 Nf6 2. Nf3 g6 3. c4 Bg7 4. Nc3 d6 5. e4 O-O 6. Be2 e5 7. O-O Nc6 8. d5
Ne7 9. Ne1 Nd7 10. Nd3 f5 11. f3 f4 12. Bd2 g5 13. Rc1 Ng6 14. b4 h5 15. c5 Rf7
16. c6 bxc6 17. dxc6 Nf6 18. Nb2 Kh8 19. Qb3 Re7 20. Rfd1 g4 21. Be1 Bh6 22.
Rc2 Rg7 23. Kh1 Nh7 24. Bc4 Ng5 25. Ne2 Qe7 26. Na4 gxf3 27. gxf3 Nh3 28. Nc1
Nf8 29. Rg2 Rxg2 30. Kxg2 Qg5+ 31. Kf1 Qg1+ 32. Ke2 Qxh2+ 33. Kd3 Nf2+ 34. Bxf2
Qxf2 35. Bd5 Rb8 36. Nc3 h4 37. Kc4 h3 38. Qa4 h2 39. Qa5 Ne6 40. Rh1 a6 41. b5
axb5+ 42. Kb4 Nc5 43. N1e2 Qg2 44. Qa7 Qxh1 45. Ka5 Na6 46. Qf2 Bg5 0-1

[Event "Moskau-Sachsen-Anhalt"]
[Site "?"]
[Date "2008.02.12"]
[Round "2.1"]
[White "Chernikov, O."]
[Black "Liebert, H."]
[Result "1/2-1/2"]
[WhiteElo "2408"]
[BlackElo "2254"]
[PlyCount "38"]
[EventDate "2008.??.??"]

1. d4 Nf6 2. c4 e6 3. Nf3 b6 4. Nc3 Bb7 5. a3 Ne4 6. Qc2 Nxc3 7. Qxc3 Be7 8. g3
O-O 9. Bg2 d6 10. O-O Nd7 11. Ne1 Bxg2 12. Nxg2 c5 13. dxc5 Nxc5 14. Be3 Bf6
15. Qc2 Qc7 16. Rac1 Rac8 17. Rfd1 Rfd8 18. Ne1 Qc6 19. Bd4 Ne4 1/2-1/2

[Event "Moskau-Sachsen-Anhalt"]
[Site "?"]
[Date "2008.02.12"]
[Round "2.2"]
[White "Csulits, A."]
[Black "Shabanov, Y."]
[Result "0-1"]
[WhiteElo "2222"]
[BlackElo "2451"]
[PlyCount "130"]
[EventDate "2008.??.??"]

1. d4 d5 2. Nf3 Nf6 3. g3 Bf5 4. Bg2 e6 5. O-O Be7 6. c4 c6 7. Nc3 O-O 8. Bf4
dxc4 9. Ne5 Nd5 10. e4 Nxf4 11. gxf4 Bg6 12. Nxc4 Nd7 13. Ne3 Bd6 14. e5 Bc7
15. Qg4 f5 16. Qh3 Nb6 17. Rfd1 Nd5 18. Nexd5 cxd5 19. Bf3 Rc8 20. Be2 Qe7 21.
a3 Be8 22. Kh1 Bd8 23. Rg1 a6 24. Rg5 g6 25. Rag1 Rf7 26. Qe3 Rg7 27. R5g3 Qc7
28. Qd2 Qb6 29. Rh3 Be7 30. Rc1 Bf8 31. Bf1 Rgc7 32. Ne2 Bb5 33. Rxc7 Rxc7 34.
Rc3 Rc6 35. Kg2 Qa5 36. Qc1 Bxe2 37. Bxe2 Rxc3 38. Qxc3 Qxc3 39. bxc3 Bxa3 40.
c4 Kf7 41. Kf3 Ke7 42. h3 Bb2 43. Ke3 Bc1+ 44. Kd3 Bxf4 45. c5 h5 46. Bd1 h4
47. Kc3 Kd8 48. Kd3 Kc7 49. Kc3 Bh6 50. f3 Be3 51. Kd3 Bf4 52. Kc3 g5 53. Kd3
b6 54. cxb6+ Kxb6 55. Kc3 Ka5 56. Be2 Be3 57. Bd1 Bf2 58. Bc2 g4 59. fxg4 fxg4
60. hxg4 h3 61. Bd1 h2 62. Bf3 Be3 63. Kd3 Bg5 64. Ke2 Ka4 65. Kf2 a5 0-1

[Event "Moskau-Sachsen-Anhalt"]
[Site "?"]
[Date "2008.02.12"]
[Round "2.3"]
[White "Kremenietsky, A."]
[Black "Just, J."]
[Result "1-0"]
[WhiteElo "2354"]
[BlackElo "2101"]
[PlyCount "109"]
[EventDate "2008.??.??"]

1. e4 e6 2. d4 d5 3. Nc3 Bb4 4. e5 Ne7 5. Qg4 Nf5 6. Bd3 h5 7. Qf4 g5 8. Qxg5
Qxg5 9. Bxg5 Nxd4 10. Bf6 Rg8 11. Bh7 Rxg2 12. Kf1 Rg4 13. h3 Rg6 14. Bxg6 fxg6
15. Nce2 Nf5 16. Nf3 Nd7 17. Bg5 b6 18. c3 Bf8 19. Ned4 Nc5 20. Rg1 Ne4 21. Bf4
Nxd4 22. Nxd4 Kf7 23. Be3 Be7 24. Nb3 Ba6+ 25. Kg2 h4 26. Nd2 Rh8 27. a4 Nxd2
28. Bxd2 Rh5 29. Rge1 Bd3 30. a5 b5 31. a6 Rh8 32. b4 Rc8 33. Be3 Ra8 34. Red1
Bc4 35. Rd2 Bb3 36. Kf3 c6 37. Kg4 Bd8 38. f4 Bb6 39. Bd4 Bxd4 40. cxd4 Rh8 41.
Kf3 Rh5 42. Rg1 Bc4 43. Ke3 Rh6 44. Rdg2 Bb3 45. f5 exf5 46. e6+ Kf6 47. e7
Kxe7 48. Rxg6 f4+ 49. Kxf4 Rh8 50. Rg7+ Kf8 51. Rxa7 Rh6 52. Ra8+ Kf7 53. a7
Rf6+ 54. Ke3 Re6+ 55. Kd2 1-0

[Event "Moskau-Sachsen-Anhalt"]
[Site "?"]
[Date "2008.02.12"]
[Round "2.4"]
[White "Bondick, K."]
[Black "Arkhangelsky, B."]
[Result "1-0"]
[WhiteElo "2168"]
[BlackElo "2358"]
[PlyCount "71"]
[EventDate "2008.??.??"]

1. d4 Nf6 2. f3 d5 3. e4 dxe4 4. Nc3 exf3 5. Nxf3 Bg4 6. h3 Bxf3 7. Qxf3 c6 8.
Be3 e6 9. Bd3 Nbd7 10. O-O Be7 11. Rf2 O-O 12. Raf1 c5 13. Ne4 cxd4 14. Bxd4 e5
15. Nxf6+ Bxf6 16. Qe4 g6 17. Rxf6 exd4 18. Rxf7 Nf6 19. Qe6 Rxf7 20. Bc4 Kh8
21. Qxf7 Ne4 22. Bd5 Nc5 23. b4 Nd7 24. Re1 Nf6 25. Re7 Qf8 26. Rxb7 Qxf7 27.
Bxf7 g5 28. b5 h5 29. a4 h4 30. a5 Rc8 31. Bg6 Ra8 32. Kf2 Nd5 33. Kf3 Rf8+ 34.
Ke4 Nf4 35. Rxa7 Nxg6 36. b6 1-0

[Event "Schweden 1-Schweiz"]
[Site "?"]
[Date "2008.02.12"]
[Round "2.3"]
[White "Akvist, H."]
[Black "Hohler, P."]
[Result "1/2-1/2"]
[WhiteElo "2178"]
[BlackElo "2184"]
[PlyCount "87"]
[EventDate "2008.??.??"]

1. d4 Nf6 2. c4 e6 3. Nc3 Bb4 4. a3 Bxc3+ 5. bxc3 d6 6. f3 Nh5 7. Nh3 f5 8. Bg5
Nf6 9. e3 O-O 10. Bd3 Qe8 11. O-O c5 12. Qc2 Nc6 13. Rae1 Na5 14. e4 fxe4 15.
Bxe4 Nxe4 16. Qxe4 Qf7 17. Bh4 Nxc4 18. Ng5 Qf5 19. dxc5 d5 20. Qd4 Bd7 21. g4
Qg6 22. f4 h6 23. f5 exf5 24. Qxd5+ Kh8 25. Qxd7 hxg5 26. gxf5 Qh5 27. Bg3 Rad8
28. Qxb7 Nd2 29. Rf2 g4 30. Rxd2 Rxd2 31. Qe4 Qxf5 32. Qxf5 Rxf5 33. c6 Rd8 34.
c7 Rc8 35. Rb1 Kg8 36. Rb8 Rff8 37. Rb4 Rf7 38. Rxg4 Rcxc7 39. Bxc7 Rxc7 40. c4
Kf7 41. Kf2 Rb7 42. Rd4 Ke6 43. Ke3 g5 44. Rd3 1/2-1/2

[Event "Schweden 1-Schweiz"]
[Site "?"]
[Date "2008.02.12"]
[Round "2.4"]
[White "Glauser, H."]
[Black "Andersson, K."]
[Result "1-0"]
[WhiteElo "2169"]
[BlackElo "2155"]
[PlyCount "83"]
[EventDate "2008.??.??"]

1. e4 c5 2. Nf3 d6 3. d4 cxd4 4. Nxd4 Nf6 5. Nc3 a6 6. Be3 e5 7. Nf3 Be7 8. Bc4
Nbd7 9. O-O O-O 10. Qe2 b5 11. Bd5 Nxd5 12. Nxd5 Bb7 13. Rfd1 Rc8 14. c3 Bxd5
15. Rxd5 Qe8 16. Rdd1 f5 17. exf5 Qh5 18. h3 Qxf5 19. a4 Rb8 20. axb5 axb5 21.
Ra7 Qe6 22. Bg5 b4 23. Nd4 Qg6 24. Bxe7 exd4 25. Bxf8 bxc3 26. bxc3 Nxf8 27.
Qc4+ Kh8 28. Qxd4 Rd8 29. Qd5 Qc2 30. Qd3 Qb3 31. c4 Qb8 32. Ra6 h6 33. Rxd6
Re8 34. Rd8 Qe5 35. Rxe8 Qxe8 36. Qd8 Qf7 37. Rd3 Kh7 38. Rf3 Ne6 39. Rxf7 Nxd8
40. Rd7 Ne6 41. Kf1 Nc5 42. Rd5 1-0

[Event "SF Katernberg-USV TU Dresden"]
[Site "?"]
[Date "2008.02.12"]
[Round "2.1"]
[White "Rosen, W."]
[Black "Schmidt, G."]
[Result "1-0"]
[WhiteElo "2335"]
[BlackElo "2245"]
[PlyCount "77"]
[EventDate "2008.??.??"]

1. e4 c5 2. Nf3 d6 3. d4 cxd4 4. Nxd4 Nf6 5. Nc3 a6 6. Be3 e5 7. Nb3 Be6 8. Qd2
Be7 9. O-O-O Ng4 10. Kb1 Nd7 11. g3 b5 12. f4 Nxe3 13. Qxe3 b4 14. Nd5 Bxd5 15.
Rxd5 O-O 16. Be2 Qc7 17. Rc1 Rfc8 18. c3 Qb6 19. Qxb6 Nxb6 20. Ra5 bxc3 21.
Rxc3 Rxc3 22. bxc3 exf4 23. gxf4 Kf8 24. Rxa6 Rb8 25. Kc2 g5 26. fxg5 Bxg5 27.
a4 Bf4 28. h3 Be5 29. Nd4 Rc8 30. Kb3 Nd7 31. Bg4 Rb8+ 32. Kc4 Nc5 33. Ra7 Nxe4
34. a5 Nd2+ 35. Kd3 Nb3 36. Nc6 Rb5 37. a6 Bh2 38. Rxf7+ Kxf7 39. a7 1-0

[Event "SF Katernberg-USV TU Dresden"]
[Site "?"]
[Date "2008.02.12"]
[Round "2.2"]
[White "Lenk, W."]
[Black "Schippan, B."]
[Result "1/2-1/2"]
[WhiteElo "2212"]
[BlackElo "2300"]
[PlyCount "61"]
[EventDate "2008.??.??"]

1. e4 e5 2. Nf3 Nc6 3. Bb5 a6 4. Bxc6 dxc6 5. O-O Ne7 6. d4 exd4 7. Nxd4 c5 8.
Ne2 Qxd1 9. Rxd1 Ng6 10. Nbc3 Bd7 11. Nd5 O-O-O 12. Be3 Re8 13. f3 Bb5 14. Ng3
h5 15. b3 h4 16. Nf5 Bd7 17. Kf2 Ne5 18. Bf4 Bxf5 19. exf5 c4 20. Be3 Kb8 21.
h3 cxb3 22. axb3 Bd6 23. c4 Nc6 24. Bf4 Bxf4 25. Nxf4 Re5 26. Rd5 Rxd5 27. Nxd5
Nd4 28. f6 gxf6 29. b4 Re8 30. Rd1 Nc6 31. Nxf6 1/2-1/2

[Event "SF Katernberg-USV TU Dresden"]
[Site "?"]
[Date "2008.02.12"]
[Round "2.3"]
[White "Nautsch, W."]
[Black "Petzold, H."]
[Result "1-0"]
[WhiteElo "2290"]
[BlackElo "2155"]
[PlyCount "71"]
[EventDate "2008.??.??"]

1. d4 e6 2. c4 Nf6 3. Nc3 Bb4 4. Qc2 Nc6 5. Nf3 d6 6. Bd2 Qe7 7. e4 Bxc3 8.
Bxc3 e5 9. O-O-O O-O 10. d5 Nb8 11. Nd2 a5 12. Be2 Nbd7 13. g4 Nc5 14. f3 a4
15. Nf1 Ne8 16. Ng3 g6 17. Rdg1 Ng7 18. Bd2 Kh8 19. Bh6 Bd7 20. h4 f6 21. Bd1
b5 22. g5 f5 23. h5 Kg8 24. exf5 Nxf5 25. Ne4 Nxh6 26. hxg6 Nxe4 27. gxh7+ Kh8
28. fxe4 Ng4 29. Bxg4 Qxg5+ 30. Qd2 Qxd2+ 31. Kxd2 Bxg4 32. Rxg4 Rf2+ 33. Kc3
b4+ 34. Kxb4 Rb8+ 35. Ka3 Rc2 36. Rhg1 1-0

[Event "SF Katernberg-USV TU Dresden"]
[Site "?"]
[Date "2008.02.12"]
[Round "2.4"]
[White "Kahn, P."]
[Black "Krüger, E."]
[Result "0-1"]
[WhiteElo "2067"]
[BlackElo "2200"]
[PlyCount "100"]
[EventDate "2008.??.??"]

1. e4 c6 2. d4 d5 3. exd5 cxd5 4. Bd3 Nc6 5. c3 Qc7 6. Ne2 Bg4 7. f3 Bd7 8. Bf4
e5 9. dxe5 Nxe5 10. Bxe5 Qxe5 11. O-O Bd6 12. f4 Qe3+ 13. Kh1 Nf6 14. Rf3 Qb6
15. Qb3 O-O 16. Qxb6 axb6 17. Nd2 Rfe8 18. Ng3 Ra4 19. c4 Bb4 20. Ngf1 Bg4 21.
Rg3 dxc4 22. Bxc4 Rd8 23. Bb3 Raa8 24. Nc4 Ne4 25. Re3 Nf2+ 26. Kg1 Nd3 27. Ne5
Nxe5 28. Rxe5 Bd6 29. Ree1 Kf8 30. h3 Bd7 31. g3 Bc5+ 32. Kh2 Be6 33. Rad1 Bxb3
34. Rc1 Rac8 35. Rc3 Bb4 36. Rxc8 Rxc8 37. Re3 Bc5 38. g4 Rd8 39. Kg3 Be6 40.
Rc3 Rd4 41. f5 Bd6+ 42. Kh4 Bc4 43. Re3 Rf4 44. Ng3 Be7+ 45. Kh5 Bf6 46. Ne2
Rf2 47. Nc3 Rh2 48. g5 Be7 49. Nd5 Bc5 50. Rc3 Bb5 0-1

[Event "Württemberg-WIS Odessa"]
[Site "?"]
[Date "2008.02.12"]
[Round "2.2"]
[White "Malisov, B."]
[Black "Hottes, D."]
[Result "0-1"]
[WhiteElo "2350"]
[BlackElo "2200"]
[PlyCount "104"]
[EventDate "2008.??.??"]

1. e4 e6 2. d3 c5 3. g3 Nc6 4. Bg2 g6 5. Nh3 Bg7 6. O-O Nge7 7. f4 d6 8. g4 h5
9. g5 Qc7 10. Nd2 b6 11. a3 Bb7 12. Rb1 a5 13. c3 Ba6 14. Qc2 Qd7 15. Nf2 d5
16. Re1 O-O 17. Nf3 b5 18. Bd2 Rab8 19. Rbd1 Rfc8 20. Bc1 b4 21. Nh4 bxc3 22.
bxc3 a4 23. exd5 Nxd5 24. Ne4 Rb3 25. Kh1 Nce7 26. c4 Nc3 27. Nf6+ Bxf6 28.
gxf6 Nc6 29. f5 Qd4 30. fxe6 Nxd1 31. exf7+ Kh7 32. Rxd1 Qxh4 33. Qd2 g5 34.
Bxc6 Bb7 35. Bxb7 Rxb7 36. Rg1 Rxf7 37. Qe2 g4 38. Qe4+ Kg8 39. Bf4 Qf2 40. Re1
Qf3+ 41. Kg1 Rxf6 42. Qxf3 gxf3 43. Re4 Rb6 44. Kf2 Rb3 45. Kxf3 Rxd3+ 46. Be3
Rxa3 47. Re5 Kg7 48. Kf4 Rc3 49. Kf5 a3 50. Bxc5 a2 51. Bd4 R3xc4 52. Ba1 Kf7
0-1

[Event "Württemberg-WIS Odessa"]
[Site "?"]
[Date "2008.02.12"]
[Round "2.3"]
[White "Rädeker, B."]
[Black "Kaminik, A."]
[Result "1/2-1/2"]
[WhiteElo "2256"]
[BlackElo "2247"]
[PlyCount "47"]
[EventDate "2008.??.??"]

1. d4 Nf6 2. c4 g6 3. Nc3 Bg7 4. e4 d6 5. f3 O-O 6. Be3 b6 7. Qd2 c5 8. d5 a6
9. Nge2 e5 10. Ng3 Ne8 11. Bd3 Nc7 12. Bh6 b5 13. h4 bxc4 14. Bxc4 f6 15. Bxg7
Kxg7 16. h5 g5 17. h6+ Kh8 18. a4 a5 19. Nb5 Nca6 20. Nh5 Nb4 21. g4 Nd7 22.
Ng7 Nb6 23. b3 Qe7 24. Kf2 1/2-1/2

[Event "Württemberg-WIS Odessa"]
[Site "?"]
[Date "2008.02.12"]
[Round "2.4"]
[White "Rodkin, R."]
[Black "Gabriel, J."]
[Result "1-0"]
[WhiteElo "2218"]
[BlackElo "2135"]
[PlyCount "67"]
[EventDate "2008.??.??"]

1. d4 g6 2. e4 d6 3. Nf3 Bg7 4. c4 Bg4 5. Nc3 Nc6 6. Be3 e5 7. d5 Nd4 8. h3
Bxf3 9. gxf3 c5 10. dxc6 bxc6 11. f4 Ne7 12. Bd3 Rb8 13. Rb1 O-O 14. f5 Qa5 15.
O-O d5 16. fxg6 fxg6 17. exd5 cxd5 18. cxd5 Kh8 19. Be4 Nef5 20. Bg5 Rxb2 21.
Rxb2 Qxc3 22. Rb3 Nxb3 23. Qxb3 Qd4 24. Bg2 h6 25. Rd1 Qc5 26. Bc1 Nd4 27. Qd3
Rf5 28. Be4 Rf6 29. Be3 Qc8 30. Kg2 Nf5 31. Rc1 Qd7 32. Rc6 Nh4+ 33. Kh2 Nf3+
34. Kg3 1-0

[Event "Berlin-Mazowsze"]
[Site "?"]
[Date "2008.02.12"]
[Round "2.2"]
[White "Olejarczyk, B."]
[Black "Rahls, P."]
[Result "1/2-1/2"]
[WhiteElo "2163"]
[BlackElo "2260"]
[PlyCount "66"]
[EventDate "2008.??.??"]

1. d4 d5 2. Nf3 Nf6 3. Bf4 e6 4. e3 Bd6 5. Nbd2 O-O 6. Bd3 b6 7. O-O Ba6 8.
Bxa6 Nxa6 9. Qe2 Nb8 10. Bxd6 cxd6 11. c4 Nbd7 12. Rac1 Re8 13. cxd5 Nxd5 14.
e4 Nf4 15. Qe3 e5 16. g3 Ng6 17. Rc6 Nf6 18. Rfc1 d5 19. dxe5 Ng4 20. Qb3 N4xe5
21. Nxe5 Nxe5 22. R6c3 dxe4 23. Nxe4 Qd4 24. Ng5 h6 25. Nf3 Nxf3+ 26. Rxf3 Re7
27. Rd3 Qf6 28. Rf3 Qg6 29. Re3 Rae8 30. Rxe7 Rxe7 31. Rc8+ Kh7 32. Qc2 Qxc2
33. Rxc2 Kg6 1/2-1/2

[Event "Berlin-Mazowsze"]
[Site "?"]
[Date "2008.02.12"]
[Round "2.3"]
[White "Brameyer, H."]
[Black "Kowalska, E."]
[Result "1-0"]
[WhiteElo "2246"]
[BlackElo "1957"]
[PlyCount "115"]
[EventDate "2008.??.??"]

1. d4 Nf6 2. Nf3 d5 3. c4 c6 4. Nc3 e6 5. Bg5 Be7 6. e3 Nbd7 7. Qc2 O-O 8. Rd1
Re8 9. Be2 dxc4 10. Bxc4 Nb6 11. Bd3 h6 12. Bxf6 Bxf6 13. O-O Nd5 14. a3 a5 15.
Ne4 Be7 16. Ne5 f5 17. Nc3 Nxc3 18. Qxc3 Bd6 19. Bc4 Qf6 20. f4 Re7 21. Ba2 Bc7
22. Rf2 Kh7 23. Kh1 g6 24. g4 Rg7 25. Rg1 Bxe5 26. dxe5 Qh4 27. Rfg2 b5 28.
gxf5 exf5 29. Rd1 b4 30. Qc5 bxa3 31. bxa3 Bb7 32. Rg3 Rd8 33. Rd6 Qe7 34. Bb1
Rxd6 35. exd6 Qe6 36. e4 fxe4 37. Qe5 Qc4 38. Bxe4 Qxe4+ 39. Qxe4 c5 40. Qxb7
Rxb7 41. Rc3 Rd7 42. Rxc5 Rxd6 43. Rxa5 Rd4 44. f5 gxf5 45. Rxf5 Ra4 46. Rf3
Kg6 47. Kg2 h5 48. Kf2 h4 49. Ke2 Kg5 50. h3 Rd4 51. Rd3 Re4+ 52. Kd2 Kf4 53.
Kc3 Re1 54. a4 Ra1 55. Kb4 Rg1 56. a5 Rg3 57. Ra3 Ke5 58. a6 1-0

[Event "Berlin-Mazowsze"]
[Site "?"]
[Date "2008.02.12"]
[Round "2.4"]
[White "Kania, A."]
[Black "Lieb, H."]
[Result "1-0"]
[WhiteElo "2059"]
[BlackElo "2255"]
[PlyCount "89"]
[EventDate "2008.??.??"]

1. e4 e6 2. d4 d5 3. exd5 exd5 4. c4 Nf6 5. Nf3 Be7 6. Nc3 O-O 7. Bd3 Bg4 8.
O-O Nc6 9. Be3 Nb4 10. Be2 dxc4 11. Bxc4 Nbd5 12. Bg5 Nb6 13. Be2 h6 14. Bh4
Re8 15. h3 Bf5 16. Bd3 Be6 17. Re1 Nfd5 18. Bxe7 Rxe7 19. Be4 c6 20. Ne5 Re8
21. Nd3 Qg5 22. Qc1 Qf6 23. Ne5 Rad8 24. Bf3 Nf4 25. Ne4 Qh4 26. Bg4 Nfd5 27.
Nf3 Qe7 28. Nc5 Qf6 29. Bxe6 fxe6 30. Nxb7 Rb8 31. Nd6 Rf8 32. Ne4 Qg6 33. Ng3
Rxf3 34. gxf3 Rf8 35. Qxc6 Rf6 36. Re5 h5 37. h4 Nf4 38. Kh2 Nbd5 39. Rg1 Qd3
40. Nxh5 Nxh5 41. Qe8+ Rf8 42. Qxe6+ Rf7 43. Rxd5 Qxf3 44. Rd8+ Kh7 45. Qg6#
1-0